000 00350nam a2200145Ia 4500
005 20251222152640.0
008 251222s9999||||xx |||||||||||||| ||spa||
020 _a968160637x
082 _a370.9/A11
100 _aAbbagnano, N.
245 0 _aHistoria de la Pedagogía
250 _a1ra.ed.
264 _bFondo de Cultura Económica
942 _cLIB
999 _c28048
_d28048